000 00700cam a22002411 4500
001 af 48000326
003 DLC
005 20260227110843.0
008 810725s1946 xx 000 0 ita
010 _aaf 48000326
035 _a(OCoLC)14749359
040 _aDLC
_cDNLM
_dDLC
042 _apremarc
050 0 0 _aRC298
_b.A5
060 0 0 _aQU 160
_bA615v 1946
060 0 0 _aFilm 5916 no. 9
100 1 _aAnnoni, Giuseppe.
245 1 0 _aVitaminologia, vitaminoterapia.
_cPrefazione del prof. Domenico Cesa Bianchi ...
260 _aMilano,
_bCasa editrice ambrosiana,
_c1946.
300 _axvi, 252 p., 1 l.
504 _aIncludes bibliographies.
500 _aMicrofilmed for preservation
_5DNLM
999 _c4015
_d4015